| 000 | 00580nam a22002177a 4500 | ||
|---|---|---|---|
| 008 | 150511b xxu||||| |||| 00| 0 eng d | ||
| 020 | _a9780073383231 | ||
| 020 | _a0073383236 | ||
| 041 | 0 | _aeng | |
| 080 | _a576.8 | ||
| 100 | 1 | _aRosenbaum, Peter Andrew, | |
| 245 | 1 | 0 |
_aVolpe's understanding evolution / _cPeter A. Rosenbaum. |
| 246 | 3 | 0 | _aUnderstanding evolution |
| 250 | _a7th ed. | ||
| 260 |
_aNew York : _bMcGraw-Hill, _c2011. |
||
| 300 |
_a282 p. : _bme ill. ; _c23 cm. |
||
| 505 | _aIndex: f.271-282 | ||
| 650 | 0 | _aEvolucioni | |
| 650 | 0 | _aBiologji | |
| 942 |
_2udc _cBK |
||
| 999 |
_c716 _d716 |
||